<?xml version="1.0" encoding="UTF-8"?><?xml-stylesheet type="text/xsl" href="static/style.xsl"?><OAI-PMH xmlns="http://www.openarchives.org/OAI/2.0/" xmlns:xsi="http://www.w3.org/2001/XMLSchema-instance" xsi:schemaLocation="http://www.openarchives.org/OAI/2.0/ http://www.openarchives.org/OAI/2.0/OAI-PMH.xsd"><responseDate>2026-06-06T02:59:47Z</responseDate><request verb="GetRecord" identifier="oai:riuma.uma.es:10630/31728" metadataPrefix="marc">https://riuma.uma.es/rest/oai/request</request><GetRecord><record><header><identifier>oai:riuma.uma.es:10630/31728</identifier><datestamp>2026-02-03T10:21:00Z</datestamp><setSpec>com_10630_1685</setSpec><setSpec>col_10630_38055</setSpec></header><metadata><record xmlns="http://www.loc.gov/MARC21/slim" xmlns:dcterms="http://purl.org/dc/terms/" xmlns:doc="http://www.lyncode.com/xoai" xmlns:xsi="http://www.w3.org/2001/XMLSchema-instance" xsi:schemaLocation="http://www.loc.gov/MARC21/slim http://www.loc.gov/standards/marcxml/schema/MARC21slim.xsd">
   <leader>00925njm 22002777a 4500</leader>
   <datafield ind2=" " ind1=" " tag="042">
      <subfield code="a">dc</subfield>
   </datafield>
   <datafield ind2=" " ind1=" " tag="720">
      <subfield code="a">Cotrina-Montoya, Ignacio</subfield>
      <subfield code="e">author</subfield>
   </datafield>
   <datafield ind2=" " ind1=" " tag="260">
      <subfield code="c">2023</subfield>
   </datafield>
   <datafield ind2=" " ind1=" " tag="520">
      <subfield code="a">En los últimos años, la conciencia sobre el deterioro del medioambiente ha tomado una gran importancia en el día a día de las personas, tanto en el ámbito laboral como personal. &#xd;
Por este motivo, se está viendo potenciado la búsqueda de nuevas soluciones gracias al uso de tecnologías de energías renovables, que nos permiten reducir el consumo de combustibles fósiles, tanto para la producción de energía eléctrica que se consume en viviendas y empresas, como en lo que respecta a la movilidad gracias al uso del vehículo eléctrico. &#xd;
El objetivo principal de este TFG será el diseño de una instalación fotovoltaica ubicada sobre marquesina de aparcamiento de vehículos, para apoyo de energía a punto de recarga de vehículo eléctrico.</subfield>
   </datafield>
   <datafield ind1="8" ind2=" " tag="024">
      <subfield code="a">https://hdl.handle.net/10630/31728</subfield>
   </datafield>
   <datafield tag="653" ind2=" " ind1=" ">
      <subfield code="a">Vehículos eléctricos - Abastecimiento de energía - Trabajos fin de grado</subfield>
   </datafield>
   <datafield tag="653" ind2=" " ind1=" ">
      <subfield code="a">Energía fotovoltaica - Generación - Trabajos fin de grado</subfield>
   </datafield>
   <datafield tag="653" ind2=" " ind1=" ">
      <subfield code="a">Recursos energéticos renovables - Trabajos fin de grado</subfield>
   </datafield>
   <datafield ind2="0" ind1="0" tag="245">
      <subfield code="a">Marquesina fotovoltaica para apoyo de punto de recarga de vehículos eléctricos.</subfield>
   </datafield>
</record>
</metadata></record></GetRecord></OAI-PMH>